[Event "AUTO-OPEN-2593"]
[Site "http://www.queenalice.com/game.php?id=1024548"]
[Date "2012.2.1"]
[Round "1"]
[White "attelmalagate"]
[Black "kkwieder"]
[Result "1-0"]
[WhiteElo "1465"]
[BlackElo "1218"]

1. e4 e5 2. Nf3 Nc6 3. Bc4 h6 4. O-O d6 5. Nc3 Bg4 6. Qe1 Be7 7. d3 Nf6 8. Nh4
O-O 9. Ng6 Nd4 10. Rb1 a6 11. Nxf8 Kxf8 12. Qd2 b5 13. Bb3 Nh5 14. Nd5 Bg5 15.
Qc3 Ne2+ 16. Kh1 Nxc3 17. bxc3 c6 18. Nb4 d5 19. Nxc6 Qd6 20. Bxd5 Qd7 21. Nxe5
Qe7 22. Nxg4 Rc8 23. Ba3 Qxa3 24. Rb4 Qxc3 25. Rb3 Qxc2 26. d4 Qc1 27. Rb1 Qf4
28. f3 Qg3 29. hxg3 Nxg3+ 30. Kg1 Nxf1 31. Rxf1 h5 32. Ne5 Be3+ 33. Kh1 Bxd4 34.
Nxf7 Rc2 35. Rd1 Be3 36. Kh2 Rxa2 37. Bxa2 1-0

[Event "AUTO-OPEN-2593"]
[Site "http://www.queenalice.com/game.php?id=1024549"]
[Date "2012.2.1"]
[Round "1"]
[White "kkwieder"]
[Black "attelmalagate"]
[Result "0-1"]
[WhiteElo "1139"]
[BlackElo "1467"]

1. e4 e5 2. Nf3 Nc6 3. g3 Nf6 4. Bg2 Bb4 5. O-O O-O 6. a3 Bc5 7. d3 d6 8. Bg5
Qe8 9. Bxf6 gxf6 10. b4 Bd4 11. c3 Bb6 12. a4 a5 13. b5 Ne7 14. Nh4 c6 15. Qc1
Ng6 16. d4 Nxh4 17. gxh4 cxb5 18. Qc2 bxa4 19. dxe5 Qxe5 20. Nd2 Be6 21. Kh1
Rac8 22. Rxa4 Rxc3 23. Qb1 Bd7 24. Qxb6 Bxa4 25. Nf3 Qf4 26. Qxa5 Rc4 27. Ng5
Qxh4 28. Nf3 Qf4 29. Nd2 Rd4 30. f3 Bc2 31. Rg1 Rxd2 32. Qc3 Bd1 33. Bh3+ Kh8
34. Bg2 Rg8 0-1

[Event "AUTO-INT-2518"]
[Site "http://www.queenalice.com/game.php?id=1134487"]
[Date "2012.12.26"]
[Round "1"]
[White "Narizinho"]
[Black "attelmalagate"]
[Result "0-1"]
[WhiteElo "1381"]
[BlackElo "1471"]

1. Nf3 d6 2. e4 e5 3. Nc3 Nf6 4. Bb5+ Bd7 5. Bxd7+ Qxd7 6. O-O Be7 7. d3 O-O 8.
Bg5 Nc6 9. Bxf6 Bxf6 10. a4 Ne7 11. b3 c6 12. Ne2 Ng6 13. b4 d5 14. exd5 e4 15.
dxe4 Bxa1 16. Qxa1 Rae8 17. dxc6 Qxc6 18. b5 Qxe4 19. a5 Qxe2 20. Re1 Qxb5 21.
Rxe8 Rxe8 22. c4 Qxc4 23. Ng5 Qa2 24. Qxa2 Re1# 0-1

[Event "AUTO-INT-2518"]
[Site "http://www.queenalice.com/game.php?id=1134488"]
[Date "2012.12.26"]
[Round "1"]
[White "attelmalagate"]
[Black "Narizinho"]
[Result "1-0"]
[WhiteElo "1483"]
[BlackElo "1371"]

1. e4 Nf6 2. d3 e5 3. Nf3 Nc6 4. Nc3 Bb4 5. Bd2 O-O 6. Be2 d6 7. O-O Bxc3 8.
Bxc3 Bg4 9. Nh4 Bxe2 10. Qxe2 a5 11. Nf5 a4 12. b4 a3 13. Rab1 b6 14. b5 Na7 15.
d4 Nxb5 16. Rxb5 exd4 17. Bxd4 c6 18. Rxb6 c5 19. Bc3 d5 20. Rd6 Qc8 21. Ne7+
Kh8 22. Nxc8 Raxc8 23. Bxf6 gxf6 24. Rxf6 dxe4 25. Qxe4 c4 26. Rh6 c3 27. Qxh7#
1-0

[Event "AUTO-INT-2518"]
[Site "http://www.queenalice.com/game.php?id=1134503"]
[Date "2012.12.26"]
[Round "1"]
[White "flucris2701"]
[Black "attelmalagate"]
[Result "0-1"]
[WhiteElo "1317"]
[BlackElo "1495"]

1. d4 d5 2. Nf3 Nf6 3. e3 a6 4. Be2 Bf5 5. O-O e6 6. Ne5 Nc6 7. Nxc6 bxc6 8. Nc3
c5 9. dxc5 Bxc5 10. a3 O-O 11. b4 Bb6 12. Bb2 c6 13. g3 e5 14. Bd3 Bg4 15. Qd2
Bh3 0-1

[Event "AUTO-INT-2518"]
[Site "http://www.queenalice.com/game.php?id=1134504"]
[Date "2012.12.26"]
[Round "1"]
[White "attelmalagate"]
[Black "flucris2701"]
[Result "1-0"]
[WhiteElo "1504"]
[BlackElo "1308"]

1. e4 e5 2. Nf3 d6 3. Nc3 Bg4 4. Be2 Bxf3 5. Bxf3 Nf6 6. d3 Be7 7. b4 O-O 8. a4
Na6 9. b5 Nc5 10. O-O a6 11. Bb2 axb5 12. Nxb5 h6 13. c4 b6 14. d4 exd4 15. Bxd4
1-0

[Event "AUTO-INT-2518"]
[Site "http://www.queenalice.com/game.php?id=1164857"]
[Date "2013.3.26"]
[Round "2"]
[White "attelmalagate"]
[Black "jeancarlo1910"]
[Result "1-0"]
[WhiteElo "1531"]
[BlackElo "1612"]

1. e4 c5 2. Bc4 e6 3. Nf3 Nc6 4. c3 Be7 5. O-O Nf6 6. d3 h6 7. Bf4 d6 8. Na3 a6
9. Nc2 e5 10. Bg3 Bg4 11. Ne3 Bh5 12. Qd2 Bxf3 13. gxf3 Nh5 14. Nf5 Bg5 15. Qd1
Nxg3 16. fxg3 g6 17. f4 gxf5 18. fxg5 Qxg5 19. Rxf5 Qe3+ 20. Rf2 O-O-O 21. Kg2
h5 22. Bxf7 h4 23. Be6+ Kb8 24. Bd5 hxg3 25. hxg3 Rh2+ 26. Kxh2 Qxf2+ 27. Kh3
Rh8+ 28. Kg4 1-0

[Event "AUTO-INT-2518"]
[Site "http://www.queenalice.com/game.php?id=1164858"]
[Date "2013.3.26"]
[Round "2"]
[White "jeancarlo1910"]
[Black "attelmalagate"]
[Result "0-1"]
[WhiteElo "1633"]
[BlackElo "1510"]

1. d4 d5 2. Nf3 Nc6 3. Nc3 Nf6 4. Bg5 e6 5. e3 Be7 6. Bb5 O-O 7. Bxc6 bxc6 8.
O-O Ba6 9. Re1 Ne4 10. Bxe7 Qxe7 11. Ne5 c5 12. dxc5 Qg5 13. f4 Qh4 14. Nxe4
dxe4 15. Qg4 Qh6 16. Qg3 f6 17. Ng4 Qh5 18. Nf2 Qxc5 19. c3 Rad8 20. Nxe4 Qb5
21. b3 Qd3 22. Nc5 Qd6 23. b4 Rb8 24. Rad1 Qe7 25. Nxa6 Rbd8 26. Nc5 a5 27. a3
axb4 0-1

[Event "AUTO-INT-2518"]
[Site "http://www.queenalice.com/game.php?id=1164859"]
[Date "2013.3.26"]
[Round "2"]
[White "attelmalagate"]
[Black "Nunes"]
[Result "0-1"]
[WhiteElo "1512"]
[BlackElo "2257"]

1. e4 e5 2. Nf3 Nc6 3. Bc4 Nf6 4. d3 d5 5. Bb3 dxe4 6. Ng5 Be6 7. Bxe6 fxe6 8.
Nxe6 Qd7 9. Ng5 O-O-O 10. Nxe4 Nxe4 11. dxe4 Qxd1# 0-1

[Event "AUTO-INT-2518"]
[Site "http://www.queenalice.com/game.php?id=1164860"]
[Date "2013.3.26"]
[Round "2"]
[White "Nunes"]
[Black "attelmalagate"]
[Result "0-1"]
[WhiteElo "1861"]
[BlackElo "1550"]

1. e4 e5 2. Nf3 Nc6 3. Bb5 Nf6 4. O-O Bc5 5. c3 O-O 6. d4 Bd6 7. Bxc6 bxc6 8.
dxe5 Ba6 9. Re1 Bc5 10. exf6 Qxf6 11. b4 Bd6 12. e5 Bxe5 13. Nxe5 Qd8 14. Qxd7
f6 15. Qe6+ Kh8 16. Nf7+ Rxf7 17. Qxf7 Qg8 18. Qxc7 Re8 19. Rxe8 Qxe8 20. Be3 h6
21. Nd2 Bc8 22. Nc4 Bg4 23. Nd6 Qg8 24. Qxc6 Qe6 25. Bxa7 h5 26. b5 h4 27. b6 h3
28. b7 Kh7 29. b8=Q Kg6 0-1

[Event "Challenge"]
[Site "http://www.queenalice.com/game.php?id=1203018"]
[Date "2013.7.27"]
[Round "-"]
[White "Excsiu"]
[Black "attelmalagate"]
[Result "1-0"]
[WhiteElo "1665"]
[BlackElo "1624"]

1. e4 e5 2. Nf3 Nc6 3. c3 Nf6 4. d3 Bc5 5. Qb3 d6 6. Ng5 Qe7 7. Be2 b6 8. d4
exd4 9. Bc4 Be6 10. Bxe6 fxe6 11. Nxe6 Nxe4 12. Qb5 Qxe6 13. Qxc6+ Kf7 14. O-O
Qe7 15. Re1 Qh4 16. Rxe4 Qd8 17. Rf4+ Kg6 18. Qe4+ Kh6 19. Rh4# 1-0

[Event "AUTO-INT-2804"]
[Site "http://www.queenalice.com/game.php?id=1255194"]
[Date "2014.2.10"]
[Round "1"]
[White "attelmalagate"]
[Black "teodoricojose"]
[Result "0-1"]
[WhiteElo "1610"]
[BlackElo "1594"]

1. e4 e5 2. Nf3 Nc6 3. Nc3 g6 4. Bc4 Bg7 5. O-O Nf6 6. d3 O-O 7. Bg5 Nd4 8. Nxe5
d6 9. Nf3 Nxf3+ 10. Qxf3 Re8 11. Nd5 Re6 12. Rae1 c6 13. Nf4 Re5 14. d4 Rxg5 15.
Qe3 Nh5 16. b4 Nxf4 17. Qxf4 Bh3 18. Re3 Bxg2 19. Rg3 Rxg3 20. fxg3 Bxf1 21.
Qxf7+ Kh8 22. Bxf1 Qf6 23. Qxb7 Rf8 24. Qa6 Qf2+ 0-1

[Event "AUTO-INT-2804"]
[Site "http://www.queenalice.com/game.php?id=1255195"]
[Date "2014.2.10"]
[Round "1"]
[White "teodoricojose"]
[Black "attelmalagate"]
[Result "1-0"]
[WhiteElo "1632"]
[BlackElo "1593"]

1. Nf3 d6 2. c4 e5 3. Nc3 Nf6 4. d3 Be7 5. g3 Nc6 6. Bg2 O-O 7. O-O b6 8. Nxe5
dxe5 9. Bxc6 Rb8 10. Bg2 Bc5 11. Bg5 Qd6 12. Nd5 Be6 13. Nxf6+ gxf6 14. Bxf6 Bf5
15. Bg5 Rbe8 16. Qd2 Bd4 17. Bh6 Bxb2 18. Rab1 Bc3 19. Qxc3 Qxh6 20. Rb5 f6 21.
h4 a6 22. Rb2 Qh5 23. Qb3 Be6 24. Bd5 Kh8 25. Bxe6 Rxe6 26. c5 Rc6 27. cxb6 e4
28. Qa3 Rb8 29. bxc7 Rc8 30. Rb8 Qe8 31. Rc1 exd3 32. Rxc8 Qxc8 33. Rxc6 dxe2
34. Qe7 1-0

[Event "AUTO-INT-2804"]
[Site "http://www.queenalice.com/game.php?id=1255196"]
[Date "2014.2.10"]
[Round "1"]
[White "attelmalagate"]
[Black "GustavoFS"]
[Result "1-0"]
[WhiteElo "1559"]
[BlackElo "1676"]

1. e4 e5 2. Nf3 Nc6 3. Bc4 h6 4. Nc3 Na5 5. Nxe5 Nxc4 6. Nxc4 d6 7. d3 Nf6 8.
O-O Bd7 9. Qe2 b5 10. Na5 c6 11. b4 d5 12. a3 Be7 13. exd5 cxd5 14. Nb7 Qc7 15.
Nc5 Bc6 16. Bb2 O-O 17. Rae1 Rae8 18. Qf3 d4 19. N3e4 Nd5 20. Bxd4 f5 21. Nd2
Nf4 22. Be5 Qxe5 23. Rxe5 Bxf3 24. Nxf3 Ng6 25. Re6 Bf6 26. Rfe1 Rd8 27. Ra6 Nf4
28. Rxa7 g5 29. g3 g4 30. gxf4 gxf3 31. Ne6 Rfe8 32. Kf1 Rd6 33. Nc7 Rf8 34.
Nxb5 Rd5 35. a4 Rc8 36. Re3 Kf8 37. c4 Rdd8 38. Rxf3 Bd4 39. Rb7 Kg8 40. Rg3+
Kh8 41. c5 Ba1 42. Nd6 Rxd6 43. cxd6 Bd4 44. Rg6 Rc1+ 45. Kg2 Rc2 46. Rxh6+ Kg8
47. d7 Rxf2+ 48. Kg3 1-0

[Event "AUTO-INT-2804"]
[Site "http://www.queenalice.com/game.php?id=1255197"]
[Date "2014.2.10"]
[Round "1"]
[White "GustavoFS"]
[Black "attelmalagate"]
[Result "1-0"]
[WhiteElo "1664"]
[BlackElo "1571"]

1. e4 e5 2. Nf3 Nc6 3. Nc3 Bc5 4. Na4 Bb4 5. c3 Be7 6. b4 a6 7. Bd3 Nf6 8. O-O
d6 9. Nh4 Bg4 10. f3 Bh5 11. g4 Bg6 12. Nxg6 hxg6 13. Qe1 Nh7 14. Nb2 b5 15. Bc2
Ng5 16. d3 Nh3+ 17. Kg2 Nf4+ 18. Bxf4 exf4 19. Qd2 g5 20. d4 d5 21. exd5 Qxd5
22. Be4 Qd6 23. Rh1 Rd8 24. Rae1 O-O 25. Qd3 g6 26. a3 Rde8 27. c4 Nxd4 28. c5
Qd7 29. Rd1 Bf6 30. Qb1 Bg7 31. Qa2 Qe7 32. Rhe1 Kh8 33. Bc6 Ne6 34. Bxe8 Rxe8
35. Nd3 c6 36. Ne5 Bxe5 37. Rxe5 Qf6 38. Re4 Rd8 39. Rxd8+ Qxd8 40. Qb2+ Kh7 41.
Re2 Nd4 42. Rd2 Qe7 43. Rxd4 Qe3 44. Rd8 Qe7 45. Qh8# 1-0

[Event "AUTO-INT-2804"]
[Site "http://www.queenalice.com/game.php?id=1255198"]
[Date "2014.2.10"]
[Round "1"]
[White "attelmalagate"]
[Black "NickThorp"]
[Result "0-1"]
[WhiteElo "1579"]
[BlackElo "1725"]

1. e4 e5 2. Nf3 Nc6 3. Bc4 d6 4. d3 Bg4 5. Bg5 Be7 6. Be3 Nf6 7. O-O h6 8. Nbd2
O-O 9. c3 a6 10. Qa4 b5 11. Qb3 bxc4 12. Qxc4 Rb8 13. b3 a5 14. Qa4 Bd7 15. Qc4
Bg4 16. Qxc6 Bd7 17. Qa6 c5 18. Nc4 Bb5 19. Qxa5 Qxa5 20. Nxa5 Bxd3 21. Rfe1
Bxe4 22. Nh4 Nd5 23. Nc6 Bxh4 24. Nxb8 Rxb8 25. c4 Nxe3 26. Rxe3 Bg6 27. Rd1 Bg5
28. Rf3 f6 29. Rxd6 Ra8 30. a4 Ra5 31. Rb6 e4 32. Rc3 Bd2 33. Rg3 Bf5 34. Rb5 g5
35. Rxa5 Bxa5 36. f4 Kh7 37. fxg5 fxg5 38. Re3 Kg6 39. h3 Kf6 40. g4 Bh7 41. Re2
Ke5 42. Kf2 Kd4 43. Rb2 e3+ 44. Kf3 Kd3 45. Re2 Bd2 46. Kg2 Kxe2 0-1

[Event "AUTO-INT-2804"]
[Site "http://www.queenalice.com/game.php?id=1255199"]
[Date "2014.2.10"]
[Round "1"]
[White "NickThorp"]
[Black "attelmalagate"]
[Result "1/2-1/2"]
[WhiteElo "1626"]
[BlackElo "1569"]

1. e4 e5 2. Nf3 Nc6 3. Bb5 a6 4. Ba4 Bc5 5. O-O Nf6 6. Bxc6 bxc6 7. d3 O-O 8.
Bg5 d6 9. Nc3 Bg4 10. h3 Bh5 11. a3 Qb8 12. b4 Bd4 13. Nxd4 exd4 14. Ne2 Qb5 15.
c4 Qxg5 16. f3 c5 17. bxc5 dxc5 18. Rb1 Nd7 19. g4 Bg6 20. Rb7 Rac8 21. Qa4 Ne5
22. f4 Qh4 23. fxe5 Qxh3 24. Nf4 Qxg4+ 25. Ng2 f6 26. Qxa6 f5 27. Qe6+ Bf7 28.
Qxf5 Bh5 29. Qxg4 Bxg4 30. Rxf8+ Rxf8 31. Rxc7 Be2 32. Ne1 Re8 33. Rxc5 g5 34.
a4 Rb8 35. Kf2 Rb2 36. e6 Bg4+ 37. Kg3 Bxe6 38. Rxg5+ Kf7 39. a5 Rb1 40. Nf3 h6
41. Re5 Rd1 42. Nxd4 Rxd3+ 43. Kf4 Rxd4 44. c5 Kf6 45. c6 Rc4 46. a6 Rxc6 47. a7
Rc8 48. Ra5 Ra8 49. Kg3 Kg6 50. Kh4 Bc4 51. e5 Kf5 52. Kh3 Be6 53. Kh4 Kg6 54.
Ra6 Kf5 55. Kh5 Kxe5 56. Kxh6 Kf5 1/2-1/2